000 00357 a2200157 4500
001 73608
020 _a85-88543-11-7
040 _cAnchieta - Colégio São Paulo
100 _aAbranches, Henrique
240 1 0 _aA Konkhava de Feti
_lpor
245 1 0 _aA Konkhava de Feti
300 _a303
362 0 _a2004
650 4 _aFicção portuguesa
942 _cBK
999 _c73608
_d73608